Statistiques concernant Pays du monde avec leur première lettre

Cliquez ici pour prendre le quiz!

Statistiques générales

  • Ce quiz a été pris 1 432 fois
  • Le résultat moyen est 92 sur 196

Statistiques - réponses

Première lettrePays% Correct
AAllemagne
81%
AAlbanie
80%
AAlgérie
77%
FFrance
77%
AAustralie
73%
BBelgique
73%
CChine
73%
AAndorre
71%
AAfghanistan
70%
AArgentine
70%
CCanada
70%
BBrésil
69%
EEspagne
68%
AAutriche
67%
FFinlande
67%
AAfrique du Sud
66%
EÉtats-Unis
66%
AArménie
65%
BBiélorussie
65%
LLituanie
64%
DDanemark
63%
JJapon
63%
IItalie
62%
RépubliqueRépublique démocratique du Congo
62%
BBolivie
61%
EEstonie
61%
LLettonie
61%
RépubliqueRépublique du Congo
61%
CCorée du Sud
60%
IIrlande
60%
PPortugal
60%
AAngola
59%
CChili
59%
CCorée du Nord
59%
IIslande
59%
RRussie
59%
CColombie
58%
HHongrie
58%
IInde
58%
MMaroc
58%
AArabie Saoudite
57%
AAzerbaïdjan
57%
CCroatie
57%
BBulgarie
56%
EÉgypte
56%
SSuède
56%
GGrèce
55%
LLuxembourg
55%
NNorvège
55%
RépubliqueRépublique tchèque
54%
AAntigua-et-Barbuda
53%
BBosnie-Herzégovine
53%
IIrak
53%
IIran
53%
BBahamas
52%
BBirmanie
52%
IIndonésie
52%
RRoyaume-Uni
52%
BBélize
51%
CCambodge
51%
GGuinée
51%
MMexique
51%
MMonaco
51%
VVatican
51%
BBhoutan
50%
CChypre
50%
CCuba
50%
EÉquateur
50%
TTurquie
50%
UUruguay
50%
HHonduras
49%
JJordanie
49%
SSlovénie
49%
TTunisie
49%
UUkraine
49%
BBahreïn
48%
BBénin
48%
CCosta Rica
48%
EÉthiopie
48%
IIsraël
48%
LLibye
48%
MMacédoine du Nord
48%
PPays-Bas
48%
PPérou
48%
SSlovaquie
48%
SSuisse
48%
VVenezuela
48%
BBrunei
47%
JJamaïque
47%
KKazakhstan
47%
LLaos
47%
PPologne
47%
QQatar
47%
RRoumanie
47%
CCameroun
46%
Île MÎle Maurice
46%
KKosovo
46%
LLiban
46%
MMalte
46%
YYémen
46%
BBangladesh
45%
BBarbade
45%
GGéorgie
45%
GGuatemala
45%
HHaïti
45%
MMoldavie
45%
MMonténégro
45%
PParaguay
45%
RépubliqueRépublique dominicaine
45%
BBurundi
44%
EÉrythrée
44%
GGhana
44%
KKoweït
44%
MMali
44%
PPakistan
44%
SSaint-Marin
44%
ZZambie
44%
ZZimbabwe
44%
BBotswana
43%
KKenya
43%
MMauritanie
43%
MMongolie
43%
NNouvelle-Zélande
43%
BBurkina Faso
42%
CComores
42%
DDjibouti
42%
EÉmirats arabes unis
42%
MMadagascar
42%
VViêt Nam
42%
CCap-Vert
41%
FFidji
41%
GGabon
41%
GGuinée-Bissau
41%
GGuyana
41%
LLiechtenstein
41%
OOuzbékistan
41%
SSerbie
41%
DDominique
40%
GGambie
40%
GGuinée-Équatoriale
40%
OOman
40%
SSoudan
40%
MMalaisie
39%
NNiger
39%
CCôte d'Ivoire
38%
NNépal
38%
PPanama
38%
SSyrie
38%
TThaïlande
38%
Îles MÎles Marshall
37%
NNigéria
37%
KKirghizistan
36%
LLesotho
36%
MMaldives
36%
NNamibie
36%
OOuganda
36%
RRwanda
36%
SSomalie
36%
TTogo
36%
TTurkménistan
36%
NNicaragua
35%
SSénégal
35%
EEswatini
34%
MMozambique
34%
RépubliqueRépublique centrafricaine
34%
SSaint-Vincent-et-les-Grenadines
34%
SSuriname
34%
GGrenade
33%
SSainte-Lucie
33%
SSeychelles
33%
TTchad
33%
LLibéria
32%
SSaint-Christophe-et-Niévès
32%
SSalvador
32%
SSri Lanka
32%
TTadjikistan
32%
TTanzanie
32%
SSoudan du Sud
31%
TTaïwan
31%
PPhilippines
30%
SSingapour
30%
KKiribati
29%
PPalaos
29%
PPapouasie-Nouvelle-Guinée
29%
TTonga
29%
VVanuatu
29%
MMalawi
28%
MMicronésie
28%
SSamoa
28%
NNauru
27%
TTimor oriental
27%
SSao Tomé-et-Principe
26%
SSierra Leone
26%
TTrinité-et-Tobago
26%
TTuvalu
25%
SSalomon
24%

Distribution des résultats

Percentile par nombre de réponses

% des personnes avec chaque résultat

Votre développement - résultats

Vous n’avez pas pris ce quiz